000 01021nam a2200301Ia 4500
001 Z_1719
003 CHAP
008 220113s1999 xx 000 0 und d
010 _a164811
040 _cCHAP
090 _aTesis H 1383
100 _aHernández García, Salomón
_954057
245 _aEfecto de la suplementación de ovejas criollas sobre el comportamiento productivo pre y postdestete de sus crías /
_cpor Salomón Hernández García y Manuel de Jesús López Pérez
260 _aChapingo, Méx. :
_bEl autor,
_c1999
300 _a76 h. : gráfs. : cuadros : tablas
502 _aTesis (Ing. Agr. Esp. en Zootecnia) -- UACH. Departamento de Zootecnia
650 _aGanado lanar
_xAlimentación
_945153
650 _aGanado lanar
_xDestete
_945169
650 _aGanado lanar
_xPeso
_945211
650 _aGanado lanar
_xProducción
_945214
700 _aLópez Pérez, Manuel
_9138877
901 _aTESIS H 1383
902 _aM
910 _a1999
942 _c2
942 _c2
999 _c164811
_d164811